000 00262nam a2200109Ia 4500
008 240625s9999 xx 000 0 und d
041 _aeng
082 _a658.8 HUT
100 _aHUTT MICHAEL D
245 _aB2B MARKETING A SOUTH ASIAN PERSPECTIVE
260 _c2014
999 _c38128
_d38128